000 00414nam a2200157Ia 4500
003 GCL
008 140319s9999 xx 000 0 eng d
040 _aGCL /
_cGCL
082 0 4 _a758.10942
_bR B
100 1 _aROSENTHAL, MICHAEL
245 1 0 _aBRITISH LANDSCAPE PAINTING /
_cROSENTHAL, MICHAEL
260 _a[S.N] :
_bPHAIDON ،
_c1982
300 _a187
650 0 4 _aLANSCAPE PAINTING ENGLISH
942 _2ddc
_cBK
999 _c17342
_d17342